000 00479nam a22001697a 4500
003 BD-ChCU
005 20260115112506.0
008 260115b bg ||||| |||| 00| 0 ben d
040 _cBD-ChCU
082 _a181.4 SUH
100 _aSurendranath Dasgupta .
_919301
245 _aA history of India philosophy ./
_cDasgupta Surendranath .
260 _aCambridge :
_bUniv. press ,
_cC 1963
300 _aV : 1 -5
650 0 _aPhilosophy , Indian .
_919303
942 _2ddc
_cBK
_n0
999 _c111077
_d111077